000 00592nam a2200205Ia 4500
005 20250923145117.0
008 008 250917s9999 xx 000 0 eng d
037 _aTextual
040 _aDSWL
_beng
_cDSWL
041 _aeng
_2eng
084 _aX:8.2, N67
_qDSWL
100 _aAhmed, Abad
_9831885
245 0 _aProblems in management : ASCI case collection second series
_cby Abad Ahmed
260 _aDelhi
_bAsia Publiing House
_c1967
300 _avii,93 p.
365 _aINR
_b20
925 _g20
942 _cTEXL
_hX:8.2, N67
999 _c1447216
_d1447216